Percepción de los Derechos Humanos de Niños, Niñas y Adolescentes en el Sistema Nacional de Protección en el Distrito Nacional, período 2018-2019 / (Registro nro. 7035)
[ vista simple ]
| 000 -CABECERA | |
|---|---|
| campo de control de longitud fija | 01519nam a22002417a 4500 |
| 003 - IDENTIFICADOR DEL NÚMERO DE CONTROL | |
| campo de control | DO-SdBJH |
| 005 - FECHA Y HORA DE LA ÚLTIMA TRANSACCIÓN | |
| campo de control | 20220913144910.0 |
| 008 - DATOS DE LONGITUD FIJA--INFORMACIÓN GENERAL | |
| campo de control de longitud fija | 220913b ||||| |||| 00| 0 spa d |
| 040 ## - FUENTE DE LA CATALOGACIÓN | |
| Centro catalogador/agencia de origen | DO-SdBJH |
| Lengua de catalogación | spa |
| Centro/agencia transcriptor | DO-SdBJH |
| 090 ## - LOCALMENTE ASIGNADO TIPO-LC NÚMERO DE CLASIFICACIÓN (OCLC); NÚMERO DE CLASIFICACIÓN LOCAL (RLIN) | |
| Número de clasificación (OCLC) (R) ; Numero de clasificación, CALL (RLIN) (NR) | TG EGDDHHyDIH |
| Número cutter local (OCLC) ; Número de libro/Signatura topográfica íntegra, CALL (RLIN) | 01799 2020 |
| 100 1# - ENTRADA PRINCIPAL--NOMBRE DE PERSONA | |
| Nombre de persona | Pérez Peña, Glenys Marisol |
| Término indicativo de función/relación | sustentante |
| 245 10 - MENCIÓN DE TÍTULO | |
| Título | Percepción de los Derechos Humanos de Niños, Niñas y Adolescentes en el Sistema Nacional de Protección en el Distrito Nacional, período 2018-2019 / |
| Mención de responsabilidad, etc. | Glenys Marisol Pérez Peña, Francisca Eusebio Martínez, asesores Karla C. Montás Batista, Rafael A. Quezada Pérez |
| 260 ## - PUBLICACIÓN, DISTRIBUCIÓN, ETC. | |
| Lugar de publicación, distribución, etc. | Santo Domingo : |
| Nombre del editor, distribuidor, etc. | INSUDE, |
| Fecha de publicación, distribución, etc. | 2020 |
| 300 ## - DESCRIPCIÓN FÍSICA | |
| Extensión | xiii, 59 páginas |
| 502 ## - NOTA DE TESIS | |
| Nota de tesis | Tesis (Especialidad en Derechos Humanos y Derecho Internacional Humanitario) -- Instituto Superior para la Defensa (INSUDE). Escuela de Graduados en Derechos Humanos y Derecho Internacional Humanitario, 2020 |
| 504 ## - NOTA DE BIBLIOGRAFÍA, ETC. | |
| Nota de bibliografía, etc. | Incluye referencias bibliográficas e índices |
| 505 ## - NOTA DE CONTENIDO CON FORMATO | |
| Nota de contenido con formato | Derechos Humanos de Niños, Niñas y Adolescentes. -- Sistema Nacional de protección de derechos Niños, Niñas y Adolescentes. -- Percepción de los Derechos Humanos en la protección de los Niños, Niñas y Adolescentes. |
| 700 1# - PUNTO DE ACCESO ADICIONAL--NOMBRE DE PERSONA | |
| Nombre de persona | Eusebio Martínez, Francisca |
| Término indicativo de función/relación | sustentante |
| 700 1# - PUNTO DE ACCESO ADICIONAL--NOMBRE DE PERSONA | |
| Nombre de persona | Montás Batista, Karla C. |
| Término indicativo de función/relación | asesor |
| 700 1# - PUNTO DE ACCESO ADICIONAL--NOMBRE DE PERSONA | |
| Nombre de persona | Quezada Pérez, Rafael A. |
| Término indicativo de función/relación | asesor |
| 830 ## - PUNTO DE ACCESO ADICIONAL DE SERIE-TÍTULO UNIFORME | |
| Título uniforme | INSUDE. Escuela de Graduados en Derechos Humanos y Derecho Internacional Humanitario. Tesis y disertaciones académicas |
| 942 ## - ELEMENTOS DE PUNTO DE ACCESO ADICIONAL (KOHA) | |
| Fuente del sistema de clasificación o colocación | Clasificación Local |
| Tipo de ítem Koha | Tesis |
| Estado de retiro | Estado de pérdida | Fuente del sistema de clasificación o colocación | Estado dañado | No para préstamo | Código de colección | Localización permanente | Ubicación/localización actual | Fecha de adquisición | Número de inventario | Total de préstamos | Signatura topográfica completa | Código de barras | Fecha visto por última vez | Número de copia | Precio válido a partir de | Tipo de ítem Koha |
|---|---|---|---|---|---|---|---|---|---|---|---|---|---|---|---|---|
| Clasificación Local | Préstamo Interno | Trabajos de Grado e Investigción | SIBM UNADE - Biblioteca Sede Central | SIBM UNADE - Biblioteca Sede Central | 09/13/2022 | 01799 | TG EGDDHHyDIH 01799 2020 | 01799 | 09/13/2022 | e.1 | 09/13/2022 | Tesis |
